| 000 | 00543nam a22001817a 4500 | ||
|---|---|---|---|
| 005 | 20251108172915.0 | ||
| 008 | 250721s2002 xx 000 0 ara d | ||
| 082 | 1 | 4 | _aط/210.413343/شها |
| 100 | 1 | _aالشهاوي، مجدي محمد | |
| 245 | 1 | 0 | _aطارد الجن من مساكن الإنس / |
| 264 | 1 |
_aالقاهرة : _bمكتبة الصفا، _c2002. |
|
| 300 | _a112 ص | ||
| 650 | 1 | 7 | _aالقرآن الكريم |
| 650 | 1 | 7 | _aالجن |
| 653 | _aناشئون كبار (15-18سنة) | ||
| 942 |
_2ddc _cBK |
||
| 999 |
_c91488 _d91488 |
||